Regions of Valga With a Map - Statistics

General Stats
  • This quiz has been taken 4 times
  • The average score is 4 of 13
Answers on the Map
Answers color-coded by a green-red scale on the quiz's map according to % correct below.
 
Answer Stats
Answer % Correct
Kesklinn
100%
Laatsi
67%
Pilpaküla
67%
Puraküla
67%
Tambre
67%
Kapstamõisa
0%
Pedeli
0%
Piirimäe
0%
Priimetsa
0%
Rükkeli
0%
Toogipalu
0%
Vaksali
0%
Vastlinn
0%
No matching quizzes found
Score Distribution
Percent of People with Each Score
Percentile by Number Answered
Your Score History
You have not taken this quiz